[Event "FRA-ch Blitz Online Qual"]
[Site "Europe Echecs INT"]
[Date "2020.05.16"]
[Round "6"]
[White "Berthaut, Alexandre"]
[Black "Morais, Thomas"]
[Result "0-1"]
[WhiteElo "1924"]
[BlackElo "1710"]
[PlyCount "144"]
[EventDate "2020.05.16"]
[EventType "swiss (blitz)"]
[EventRounds "15"]
[EventCountry "FRA"]
[SourceTitle "CBM 196 Extra"]
[Source "ChessBase"]
[SourceDate "2020.07.31"]
[SourceVersion "1"]
[SourceVersionDate "2020.07.31"]
[SourceQuality "1"]

1. e4 c5 2. Nf3 e6 3. g3 a6 4. Bg2 b5 5. 0-0 Bb7 6. d4 cxd4 7. Nxd4 Nf6 8. Nc3 Qc7 9. Re1 d6 10. Nd5 Nxd5 11. exd5 e5 12. f4 Nd7 13. fxe5 dxe5 14. Nc6 Bc5+ 15. Kh1 Bxc6 16. dxc6 Nb8 17. Qh5 Nxc6 18. Bf4 Bd6 19. Qf3 Rc8 20. Qxc6+ Qxc6 21. Bxc6+ Rxc6 22. Bxe5 Bxe5 23. Rxe5+ Re6 24. Rae1 Ke7 25. Kg2 Rd8 26. Rxe6+ fxe6 27. Re2 Rf8 28. Rd2 e5 29. a4 bxa4 30. Rd5 Rb8 31. Rxe5+ Kf6 32. Ra5 Rxb2 33. Rxa6+ Kf5 34. Ra5+ Kf6 35. Ra6+ Kf5 36. Ra5+ Kf6 37. Rxa4 Rxc2+ 38. Kf3 Rxh2 39. Kg4 h5+ 40. Kf4 g5+ 41. Ke4 Re2+ 42. Kf3 Re5 43. Ra6+ Kf5 44. Rh6 g4+ 45. Kf2 Kg5 46. Rh8 Rf5+ 47. Kg2 Rf6 48. Rg8+ Kf5 49. Ra8 Kg5 50. Rg8+ Rg6 51. Ra8 Rb6 52. Ra5+ Kg6 53. Kf2 Rb2+ 54. Ke3 Rb3+ 55. Kf4 Rb4+ 56. Ke5 Rb3 57. Kf4 Rf3+ 58. Ke5 Rxg3 59. Ra6+ Kg5 60. Ra8 Rf3 61. Rg8+ Kh4 62. Rh8 g3 63. Ke4 Rf7 64. Rg8 Kh3 65. Ke3 g2 66. Ke2 h4 67. Rh8 g1Q 68. Rxh4+ Kxh4 69. Kd3 Qd1+ 70. Kc3 Rc7+ 71. Kb4 Qb1+ 72. Ka3 Ra7# 0-1

[Event "FRA-ch Blitz Online Qual"]
[Site "Europe Echecs INT"]
[Date "2020.05.16"]
[Round "12"]
[White "Lebrun, Elias"]
[Black "Morais, Thomas"]
[Result "0-1"]
[WhiteElo "1880"]
[BlackElo "1710"]
[PlyCount "80"]
[EventDate "2020.05.16"]
[EventType "swiss (blitz)"]
[EventRounds "15"]
[EventCountry "FRA"]
[SourceTitle "CBM 196 Extra"]
[Source "ChessBase"]
[SourceDate "2020.07.31"]
[SourceVersion "1"]
[SourceVersionDate "2020.07.31"]
[SourceQuality "1"]

1. d4 Nf6 2. c4 c5 3. d5 e6 4. Nc3 exd5 5. cxd5 d6 6. e4 g6 7. f4 Bg7 8. Bb5+ Nfd7 9. a4 0-0 10. Nf3 a6 11. Bd3 Nf6 12. 0-0 Bg4 13. h3 Bxf3 14. Qxf3 Re8 15. f5 Nbd7 16. fxg6 hxg6 17. Bg5 Ne5 18. Qe2 Qe7 19. Bc2 Ned7 20. Rf2 Qe5 21. Bf4 Qe7 22. Raf1 Nh5 23. Be3 Ng3 24. Qg4 Nxf1 25. Rxf1 Ne5 26. Qe2 Rab8 27. Kh1 Qd7 28. a5 Qc7 29. Ra1 b5 30. axb6 Qxb6 31. Rxa6 Qxb2 32. Na4 Qb5 33. Qxb5 Rxb5 34. Rxd6 Nc4 35. Bxc5 Nxd6 36. Bxd6 Be5 37. Ba3 f5 38. Nc5 Ra5 39. Na4 Rc8 40. Bb3 Rxa4 0-1

[Event "FRA-chT U20 Top"]
[Site "Bischwiller"]
[Date "2016.05.15"]
[Round "2"]
[White "Morais, Thomas"]
[Black "Makkar, Rajat"]
[Result "0-1"]
[WhiteElo "1498"]
[BlackElo "1833"]
[PlyCount "96"]
[EventDate "2016.05.14"]
[EventType "tourn"]
[EventRounds "11"]
[EventCountry "FRA"]
[SourceTitle "EXT 2019"]
[Source "ChessBase"]
[SourceDate "2018.10.10"]
[SourceVersion "1"]
[SourceVersionDate "2018.10.10"]
[SourceQuality "1"]

1. d4 Nf6 2. c4 e6 3. Nf3 b6 4. a3 Bb7 5. Nc3 Be7 6. Bg5 d6 7. e3 Nbd7 8. Bd3 0-0 9. 0-0 c5 10. Nd2 cxd4 11. exd4 d5 12. cxd5 Nxd5 13. Qh5 N7f6 14. Qh4 g6 15. Bb5 a6 16. Ba4 b5 17. Bb3 Nd7 18. Bxe7 Qxe7 19. Qe4 N7f6 20. Nxd5 Nxd5 21. Bxd5 Bxd5 22. Qe3 Rfd8 23. Rfd1 Rac8 24. Ne4 Rc2 25. b4 Bxe4 26. Qxe4 Rc4 27. Rd3 Qf6 28. Rad1 Rd5 29. Kf1 Qd8 30. Qe3 Rc6 31. Rc3 Rcd6 32. Rcd3 e5 33. f3 Rxd4 34. Rxd4 exd4 35. Qd3 Qc7 36. Qe4 Qc4+ 37. Qe2 Kg7 38. Kf2 Qxe2+ 39. Kxe2 Kf6 40. Kd3 Rc6 41. Rd2 Ke5 42. g3 Rc3+ 43. Ke2 Rxa3 44. Rd3 Rxd3 45. Kxd3 Kd5 46. h3 g5 47. h4 gxh4 48. gxh4 h5 0-1